Acronymes des filières du bac - Statistiques

Statistiques générales
  • Ce quiz a été pris 117 fois
  • Le résultat moyen est 3 sur 17
Statistiques - réponses
Acronyme Signification % Correct
S Scientifique
97%
L Littéraire
94%
ES Economique et Social
55%
STL Sciences et Technologies de Laboratoire
13%
STMG Sciences et Technologies du Management et de la Gestion
9%
STI2D Sciences et Technologies de l'Industrie et du Développement Durable
6%
SMS Sciences Médico-Sociales
6%
ST2S Sciences et Technologies de la Santé et du Social
5%
S2TMD Sciences et Techniques du Théâtre, de la Musique et de la Danse
3%
STG Sciences et Technologies de la Gestion
3%
STD2A Sciences et Technologies du Design et des Arts Appliqués
3%
TMD Techniques de la Musique et de la Danse
3%
STI Sciences et Techniques Industrielles
2%
STAV Sciences et Technologies de l'Agronomieet du Vivant
2%
STPA Sciences et Technologies du Produit Agroalimentaire
2%
STAE Sciences et Technologies de l'Agronomie et de l'Environnement
1%
STT Sciences et Techniques Tertiaires
0%
Aucun quiz correspondant
Distribution des résultats
% des personnes avec chaque résultat
Percentile par nombre de réponses
Votre historique - résultats
Vous n’avez pas pris ce quiz